<?xml version="1.0" encoding="UTF-8"?>
<record
    xmlns:xsi="http://www.w3.org/2001/XMLSchema-instance"
    xsi:schemaLocation="http://www.loc.gov/MARC21/slim http://www.loc.gov/standards/marcxml/schema/MARC21slim.xsd"
    xmlns="http://www.loc.gov/MARC21/slim">

  <leader>00883nam a2200253 i 4500</leader>
  <controlfield tag="001">187076</controlfield>
  <controlfield tag="003">SpMaBN</controlfield>
  <controlfield tag="005">20250817180323.0</controlfield>
  <controlfield tag="008">170410s1987    sp       b   |||| | spa d</controlfield>
  <datafield tag="020" ind1=" " ind2=" ">
    <subfield code="a">84-7719-037-2</subfield>
  </datafield>
  <datafield tag="080" ind1=" " ind2=" ">
    <subfield code="a">82.035:016</subfield>
  </datafield>
  <datafield tag="080" ind1=" " ind2=" ">
    <subfield code="a">015(460)</subfield>
  </datafield>
  <datafield tag="100" ind1="1" ind2=" ">
    <subfield code="a">Santoyo, Julio-C&#xE9;sar.</subfield>
    <subfield code="9">103544</subfield>
  </datafield>
  <datafield tag="245" ind1="1" ind2="0">
    <subfield code="a">Traducci&#xF3;n, traducciones, traductores </subfield>
    <subfield code="b">: ensayo de bibliograf&#xED;a espa&#xF1;ola / </subfield>
    <subfield code="c">J.C. Santoyo (con la colaboraci&#xF3;n de Micaela Mu&#xF1;oz).</subfield>
  </datafield>
  <datafield tag="246" ind1="3" ind2="8">
    <subfield code="a">Traducci&#xF3;n </subfield>
    <subfield code="b">: bibliograf&#xED;a espa&#xF1;ola</subfield>
  </datafield>
  <datafield tag="260" ind1=" " ind2=" ">
    <subfield code="a">Le&#xF3;n : </subfield>
    <subfield code="b">Universidad, Servicio de Publicaciones, </subfield>
    <subfield code="c">[1987]</subfield>
  </datafield>
  <datafield tag="300" ind1=" " ind2=" ">
    <subfield code="a">153 p. ; </subfield>
    <subfield code="c">21 cm.</subfield>
  </datafield>
  <datafield tag="650" ind1=" " ind2="7">
    <subfield code="a">Traducci&#xF3;n-</subfield>
    <subfield code="v">Bibliograf&#xED;as.</subfield>
    <subfield code="9">162332</subfield>
  </datafield>
  <datafield tag="650" ind1="0" ind2="7">
    <subfield code="a">Bibliograf&#xED;as espa&#xF1;olas</subfield>
    <subfield code="2">embne</subfield>
    <subfield code="9">10523</subfield>
  </datafield>
  <datafield tag="700" ind1="1" ind2=" ">
    <subfield code="a">Mu&#xF1;oz, Micaela.</subfield>
    <subfield code="9">162333</subfield>
  </datafield>
  <datafield tag="710" ind1="2" ind2=" ">
    <subfield code="a">Universidad de Le&#xF3;n.</subfield>
    <subfield code="9">7200</subfield>
  </datafield>
  <datafield tag="852" ind1=" " ind2=" ">
    <subfield code="a">ES-MaACL</subfield>
    <subfield code="j">L-31397</subfield>
  </datafield>
  <datafield tag="999" ind1=" " ind2=" ">
    <subfield code="c">187076</subfield>
    <subfield code="d">187076</subfield>
  </datafield>
  <datafield tag="952" ind1=" " ind2=" ">
    <subfield code="0">0</subfield>
    <subfield code="1">0</subfield>
    <subfield code="2">udc</subfield>
    <subfield code="4">0</subfield>
    <subfield code="7">0</subfield>
    <subfield code="8">Biblioteca_profesional </subfield>
    <subfield code="a">ATENEOM</subfield>
    <subfield code="b">ATENEOM</subfield>
    <subfield code="c">DEPO2</subfield>
    <subfield code="d">2017-04-10</subfield>
    <subfield code="l">0</subfield>
    <subfield code="o">L-31397</subfield>
    <subfield code="p">1197363</subfield>
    <subfield code="r">2023-02-23 00:00:00</subfield>
    <subfield code="w">2023-02-23</subfield>
    <subfield code="y">MONOGRAFIA</subfield>
  </datafield>
</record>
